Statistics for Biomes of South Africa

Click here to take the quiz!

General Stats

  • This quiz has been taken 38 times
  • The average score is 4 of 7

Answer Stats

Main Province Distribution:Answer% Correct
Limpopo/MpumalangaSavanna
93%
Free State/GautengGrassland
68%
KwaZulu-Natal/Western CapeForest
61%
Western CapeFynbos
57%
Northern CapeNama Karoo
43%
Northern CapeSucculent Karoo
43%
Eastern CapeThicket
36%

Score Distribution

Percentile by Number Answered

Percent of People with Each Score

Your Score History

You have not taken this quiz